ბათუმის შოთა რუსთაველის სახელმწიფო უნივერსიტეტის ბიბლიოთეკა

წრფივი ელექტრული წრედების თეორია. ნაწ .I. (ბიბ.ჩანაწერი № 37598)

000 -ლიდერი
ფიქსირებული სიგრძის საკონტროლო ველი 01314nam a2200253Ia 4500
001 - საკონტროლო ნომერი
საკონტროლო ველი 3570
003 - საკონტროლო ნომრის იდენტიფიკატორი
საკონტროლო ველი GE_BSU
005 - ბოლო ოპერაციის თარიღი და დრო
საკონტროლო ველი 20190528174942.0
008 - ფიქსირებული სიგრძის მონაცემთა ელემენტები - ზოგადი ინფორმაცია
ფიქსირებული სიგრძის საკონტროლო ველი 181216s2007|||| |||||||||||||| ||geo||
020 ## - წიგნის საერთაშორისო სტანდარტული ნომერი
International Standard Book Number 9789994096848
040 ## - კატალოგიზაციის წყარო
Transcribing agency GE_BSU
041 ## - ენის კოდი
Language code of text/sound track or separate title geo
080 ## - უნივერსალური ათობითი კლასიფიკაციის ინდექსი
Universal Decimal Classification number 621.3.001.7(075) კ-95
100 ## - მთავარი ჩანაწერი - პიროვნების სახელი
Personal name კუტუბიძე, ბორის.
9 (RLIN) 1744
245 ## - ცნობა სათაურის შესახებ
Title წრფივი ელექტრული წრედების თეორია. ნაწ .I.
Remainder of title ნაბეჭდი და ელექტრონული ვერსია : დამხ.სახელმძღ. /
Statement of responsibility, etc ბორის კუტუბიძე ; ოთარ ჯანელიძე ; მიხეილ დონაძე ; რედ : გიზო ფარცხალაძე.
264 ## - წარმოების, გამოცემის, დისტრიბუციის და სხვა ცნობები
გამოცემის, წარმოების, დისტრიბუციის... ადგილი თბილისი :
გამოცემის, წარმოების, დისტრიბუციის... სახელწოდება უნივერსალი,
გამოცემის, წარმოების, დისტრიბუციის... თარიღი 2007.
300 ## - ფიზიკური აღწერა
Extent 52 გვ .:
Dimensions 20 სმ.
653 ## - INDEX TERM--UNCONTROLLED
Uncontrolled term წრფივი ელექტრული წრედების თეორია.
653 ## - INDEX TERM--UNCONTROLLED
Uncontrolled term ელექტროტექნიკა
700 ## - ADDED ENTRY--PERSONAL NAME
Personal name ჯანელიძე, ოთარ
9 (RLIN) 1743
700 ## - ADDED ENTRY--PERSONAL NAME
Personal name დონაძე, მიხეილ
9 (RLIN) 1752
700 ## - ADDED ENTRY--PERSONAL NAME
Personal name ფარცხალაძე, გიზო
Relator term რედაქტორი
9 (RLIN) 1753
942 ## - ADDED ENTRY ELEMENTS (KOHA)
Koha item type წიგნი
Source of classification or shelving scheme
ეგზემპლარები
ჩამოწერის სტატუსი დაკარგული ეგზემპლარის სტატუსი კლასიფიკაციის წყარო ან თაროზე გაწყობის სქემა დაზიანების სტატუსი არ გაიცემა მუდმივი მდებარეობა (დაცვის ადგილი) ამჟამინდელი ადგილსამყოფელი თაროზე განთავსების ადგილი შეძენის თარიღი ღირებულება, შესყიდვის ნორმალური ფასი სრული შენახვის შიფრი შტრიხკოდი ბოლო ოპერაციის თარიღი ეგზემპლარის მიმდევრობითი ნომერი (კეტერი?) ფასის ძალაში შესვლის თარიღი ეგზემპლარის სახეობა საჯარო შენიშვნა
          ტექნოლოგიური ფაკულტეტის ბიბლიოთეკა ტექნოლოგიური ფაკულტეტის ბიბლიოთეკა წიგნსაცავი 2018-12-17 5.00 621.3.001.7(075) კ-95 9287 2018-12-17 9287 2018-12-17 წიგნი 5.00
          ტექნოლოგიური ფაკულტეტის ბიბლიოთეკა ტექნოლოგიური ფაკულტეტის ბიბლიოთეკა წიგნსაცავი 2018-12-17 5.00 621.3.001.7(075) კ-95 9288 2018-12-17 9288 2018-12-17 წიგნი 5.00
          ტექნოლოგიური ფაკულტეტის ბიბლიოთეკა ტექნოლოგიური ფაკულტეტის ბიბლიოთეკა წიგნსაცავი 2018-12-17 5.00 621.3.001.7(075) კ-95 9289 2018-12-17 9289 2018-12-17 წიგნი 5.00
          ტექნოლოგიური ფაკულტეტის ბიბლიოთეკა ტექნოლოგიური ფაკულტეტის ბიბლიოთეკა წიგნსაცავი 2018-12-17 5.00 621.3.001.7(075) კ-95 9290 2018-12-17 9290 2018-12-17 წიგნი 5.00
          ტექნოლოგიური ფაკულტეტის ბიბლიოთეკა ტექნოლოგიური ფაკულტეტის ბიბლიოთეკა წიგნსაცავი 2018-12-17 5.00 621.3.001.7(075) კ-95 9291 2018-12-17 9291 2018-12-17 წიგნი 5.00
          ტექნოლოგიური ფაკულტეტის ბიბლიოთეკა ტექნოლოგიური ფაკულტეტის ბიბლიოთეკა წიგნსაცავი 2018-12-17 5.00 621.3.001.7(075) კ-95 9292 2018-12-17 9292 2018-12-17 წიგნი 5.00
          ტექნოლოგიური ფაკულტეტის ბიბლიოთეკა ტექნოლოგიური ფაკულტეტის ბიბლიოთეკა წიგნსაცავი 2021-05-19 5.00 621.3.001.7(075) კ-95 61332 2021-05-19 61332 2021-05-19 წიგნი 5.00